| 000 | 00577nam a2200181Ia 4500 | ||
|---|---|---|---|
| 005 | 20250508150631.0 | ||
| 008 | 008 250505s9999 xx 000 0 eng d | ||
| 037 | _aBooks to be hide in OPAC | ||
| 040 |
_aFEDL _beng _cFEDL |
||
| 041 |
_aeng _2eng |
||
| 084 |
_a371.42, DEP/O _qFEDL |
||
| 245 | 0 | _aEvidence taken by the departmental committee on reformatory and industrial schools | |
| 245 | 0 | _cDepartmental Committee On Reformatory And Industrial Schools | |
| 260 | _c1913 | ||
| 300 | _av,542p. | ||
| 942 |
_cHB _h371.42, DEP/O |
||
| 999 |
_c1324700 _d1324700 |
||